Normal view
MARC view
- School Poems
Entry Topical Term
001 - CONTROL NUMBER
- control field: 86669
003 - CONTROL NUMBER IDENTIFIER
- control field: OSt
005 - DATE AND TIME OF LATEST TRANSACTION
- control field: 20250908091355.0
008 - FIXED-LENGTH DATA ELEMENTS
- fixed length control field: 250908|| aca||aabn | a|a d
040 ## - CATALOGING SOURCE
- Original cataloging agency: OSt
- Transcribing agency: OSt
150 ## - HEADING--TOPICAL TERM
- Topical term or geographic name as entry element: School Poems
670 ## - SOURCE DATA FOUND
- Source citation: Work cat.: (OSt)49526: Curry, Jennifer 53579, School poems /, 2005